| 000 | 00500nam a2200169Ia 4500 | ||
|---|---|---|---|
| 999 |
_c21787 _d21787 |
||
| 003 | OSt | ||
| 005 | 20200610102158.0 | ||
| 008 | 190216s9999||||xx |||||||||||||| ||und|| | ||
| 020 | _a8120804872 | ||
| 040 | _coclc | ||
| 082 |
_a392.50931 _bSIN/P |
||
| 100 |
_aSingh, Sarva Daman _92723 |
||
| 245 | 0 |
_aPolyandry In Ancient India / _cSarva Daman Singh |
|
| 260 |
_bMotilal Banarsidass, _c1988. _aDelhi: |
||
| 300 | _a212p | ||
| 942 |
_cBK _2ddc _h392.50931 _iSIN/P _k392.50931 _mSIN/P |
||